| 000 | 01149nam a2200301 i 4500 | ||
|---|---|---|---|
| 001 | 19015 | ||
| 003 | ES-MaACL | ||
| 005 | 20230906151957.0 | ||
| 007 | t| | ||
| 008 | 020513s2001 sp ||||1| spa d | ||
| 020 | _a84-95322-97-8 | ||
| 080 | _a316.72(063) | ||
| 080 | _a81:1(063) | ||
| 080 | _a1:81(063) | ||
| 111 | 2 |
_aSimposio Internacional de Filosofía ( _d1998. _cLa Coruña y Santiago de Compostela) _91073 |
|
| 245 | 1 | 0 |
_aIdentidad y cultura _b: reflexiones desde la filosofía / _c[coordinadores], Marcelino Agís Villaverde, Jesús Ríos Vicente. |
| 260 |
_a[A Coruña] : _bUniversidade da Coruña, Servicio de Publicacións, _c2001. |
||
| 300 |
_a348 p. ; _c22 cm. |
||
| 490 | 1 |
_aCursos, congresos e simposios ; _v68 |
|
| 500 | _aTextos en gallego y castellano. | ||
| 650 | 1 | 4 |
_aIdentidad cultural- _vCongresos y asambleas. _913534 |
| 650 | 4 |
_aLenguaje- _xFilosofía- _vCongresos y asambleas. _914345 |
|
| 700 | 1 |
_aAgís Villaverde, Marcelino. _918561 |
|
| 700 | 1 |
_aRíos Vicente, Jesús. _997403 |
|
| 830 | 0 |
_aCursos, congresos e simposios ; _v68 _9228852 |
|
| 852 |
_aES-MaACL _jL-25499 _bR.131366 |
||
| 999 |
_c19015 _d19015 |
||